The last days of Hitler

Wedi'i Gadw mewn:
Manylion Llyfryddiaeth
Prif Awdur: Trevor-Roper, H. R.
Fformat: Llyfr
Iaith:Undetermined
Cyhoeddwyd: New York The Macmillan Company 1947
Pynciau:
Tagiau: Ychwanegu Tag
Dim Tagiau, Byddwch y cyntaf i dagio'r cofnod hwn!
Thư viện lưu trữ: Trung tâm Học liệu Trường Đại học Cần Thơ
LEADER 00497nam a2200181Ia 4500
001 CTU_80993
008 210402s9999 xx 000 0 und d
082 |a 943.086 
082 |b T815 
100 |a Trevor-Roper, H. R. 
245 4 |a The last days of Hitler 
245 0 |c H. R. Trevor-Roper 
260 |a New York 
260 |b The Macmillan Company 
260 |c 1947 
650 |a Hitler, Adolf (1889-1945) 
904 |i Nguyên,Hải 
980 |a Trung tâm Học liệu Trường Đại học Cần Thơ